We are Charlie Kirk (lyrics) - Statistics

General Stats
  • This quiz has been taken 834 times
  • The average score is 99 of 209
Answer Stats
Answer % Correct
a
100%
A
100%
Charlie
100%
We
100%
Are
99%
Kirk
99%
The
94%
Flame
88%
Carry
87%
For
69%
Fight
65%
Gospel
62%
His
57%
Name
56%
He
50%
Honor
48%
We'll
45%
To
37%
Jesus
33%
In
28%
Was
28%
Our
27%
God
25%
Is
25%
Die
23%
Of
23%
Will
21%
Man
20%
When
20%
Heaven
19%
Us
19%
Courage
18%
On
18%
Own
17%
Stood
17%
Truth
17%
Make
16%
Unbroken
15%
Known
14%
Together
14%
Unshaken
14%
Voice
14%
Conviction
13%
Father
13%
Lived
13%
Spoke
13%
Unafraid
13%
Christ
12%
It
12%
Storm
12%
High
11%
Cost
10%
Heart
10%
Husband
10%
With
10%
As
9%
Family
9%
Reborn
8%
But
7%
By
7%
Faith
7%
Forever
7%
World
7%
Home
6%
Rise
6%
Built
5%
Held
5%
Near
5%
Spirit
5%
Alive
4%
Battle
4%
Cross
4%
Darkness
4%
Fear
4%
Scripture
4%
Answer
3%
Call
3%
Raging
3%
Remains
3%
Side
3%
Silence
3%
Without
3%
Captain
2%
Echoes
2%
Eternal
2%
Fall
2%
Guide
2%
March
2%
Sustains
2%
Tried
2%
No matching quizzes found
Score Distribution
Percent of People with Each Score
Percentile by Number Answered
Your Score History
You have not taken this quiz